| Tag |
First Indicator |
Second Indicator |
Subfields |
| LEADER |
00000cam a2200000 a 4500 |
| 001 |
in00000036301 |
| 005 |
20151007055434.0 |
| 008 |
871006s1988 njua b 00110 eng |
| 010 |
|
|
|a 87029098
|
| 020 |
|
|
|a 0135561841 :
|c $30.00
|
| 035 |
|
|
|a (OCoLC)16900723
|
| 035 |
|
|
|9 AAB8247AM
|
| 040 |
|
|
|a DLC
|c DLC
|d TXA
|d UtOrBLW
|
| 043 |
|
|
|a n-us---
|
| 049 |
|
|
|a TXAM
|c [A11507486]
|
| 050 |
0 |
0 |
|a HF5430.3
|b .B47 1988
|
| 082 |
0 |
|
|a 381/.1
|2 19
|
| 100 |
1 |
|
|a Berry, Brian J. L.,
|d 1934-
|
| 245 |
1 |
0 |
|a Market centers and retail location :
|b theory and applications /
|c Brian J.L. Berry, John B. Parr with Bart J. Epstein, Avijit Ghosh, Robert H.T. Smith.
|
| 264 |
|
1 |
|a Englewood Cliffs, N.J. :
|b Prentice Hall,
|c [1988]
|
| 264 |
|
4 |
|c ©1988
|
| 300 |
|
|
|a x, 230 pages :
|b illustrations ;
|c 25 cm.
|
| 336 |
|
|
|a text
|b txt
|2 rdacontent
|
| 337 |
|
|
|a unmediated
|b n
|2 rdamedia
|
| 338 |
|
|
|a volume
|b nc
|2 rdacarrier
|
| 500 |
|
|
|a Revised edition of: Geography of market centers and retail distribution. 1967.
|
| 504 |
|
|
|a Includes bibliographies and index.
|
| 650 |
|
0 |
|a Shopping centers
|z United States
|x Location.
|
| 650 |
|
0 |
|a Central business districts
|z United States.
|
| 650 |
|
0 |
|a Store location
|z United States.
|
| 700 |
1 |
|
|a Parr, John B.
|
| 700 |
1 |
|
|a Berry, Brian J. L.,
|d 1934-
|t Geography of market centers and retail distribution.
|
| 999 |
|
|
|a MARS
|
| 999 |
f |
f |
|s ff023702-08cd-3954-99b3-dff815ff55ca
|i 796c0364-677a-332a-8719-424ff5c3a9e3
|t 0
|
| 952 |
f |
f |
|p ric
|a Texas A&M University
|b Rellis Campus
|c Joint Library Facility
|d Remote Storage
|t 0
|e HF5430.3 .B47 1988
|h Library of Congress classification
|i unmediated -- volume
|m A14811507486
|
| 998 |
f |
f |
|a HF5430.3 .B47 1988
|t 0
|l Remote Storage
|